Acto solemne de entrega de la medalla de oro de la provincia de Cáceres a... Jesús Romeo Gorría... en el que nació la Universidad Laboral Hispano-americana. (Record no. 20876)
[ view plain ]
| 000 -LEADER | |
|---|---|
| campo de control de longitud fija | 00652nam a2200181 i 4500 |
| 001 - NÚMERO DE CONTROL | |
| campo de control | 20876 |
| 003 - IDENTIFICADOR DE NÚMERO DE CONTROL | |
| campo de control | ES-MaACL |
| 005 - FECHA Y HORA DE LA ÚLTIMA TRANSACCIÓN | |
| campo de control | 20241001114948.0 |
| 007 - CAMPO FIJO DE DESCRIPCIÓN FÍSICA--INFORMACIÓN GENERAL | |
| campo de control de longitud fija | t| |
| 008 - DATOS DE LONGITUD FIJA--INFORMACIÓN GENERAL | |
| campo de control de longitud fija | 021119s1965 sp ||||1| spa d |
| 245 00 - MENCIÓN DEL TÍTULO | |
| Título | Acto solemne de entrega de la medalla de oro de la provincia de Cáceres a... Jesús Romeo Gorría... en el que nació la Universidad Laboral Hispano-americana. |
| 260 ## - PUBLICACIÓN, DISTRIBUCIÓN, ETC. | |
| Lugar de publicación, distribución, etc. | Cáceres : |
| Nombre del editor, distribuidor, etc. | Diputacion Provincial, |
| Fecha de publicación, distribución, etc. | 1965. |
| 300 ## - DESCRIPCIÓN FÍSICA | |
| Extensión | 35 p., 8 lám, 1 lám pleg. ; |
| Dimensiones | 22 cm. |
| 710 1# - ENTRADA AGREGADA--NOMBRE DE ENTIDAD CORPORATIVA | |
| Nombre de entidad corporativa o nombre de jurisdicción como elemento de entrada | Cáceres (Provincia). |
| Unidad subordinada | Diputación |
| 9 (RLIN) | 238999 |
| 852 ## - LOCALIZACIÓN | |
| Ubicación | ES-MaACL |
| Número de control de estantería | C-29970 |
| Sublocalización o colección | R.58220 |
| 942 ## - ELEMENTOS DE ENTRADA SECUNDARIOS (KOHA) | |
| Fuente del sistema de clasificación o colocación | Clasificación decimal universal |
| Estatus retirado | Estado de pérdida | Estado de daño | No para préstamo | Biblioteca de origen | Biblioteca actual | Ubicación en estantería | Fecha de adquisición | Fuente de adquisición | Total de préstamos | Signatura topográfica completa | Código de barras | Visto por última vez | Precio de reemplazo | Tipo de ítem Koha |
|---|---|---|---|---|---|---|---|---|---|---|---|---|---|---|
| Biblioteca del Ateneo de Madrid | Biblioteca del Ateneo de Madrid | Depósito 2 | 17/01/2008 | C-29970 | 1021439 | 23/02/2023 | 23/02/2023 | Libro impreso |
